MARC

LEADER 00000nam0a2200000 4500
001 45939
005 20231031024215.0
010 |a 5278006749 
035 |a (RuTPU)RU\TPU\book\47848 
090 |a 45939 
100 |a 20021218d1999 d y0rusy50 ca 
101 0 |a rus 
102 |a RU 
105 |a a jz 000zy 
200 1 |a Футбол  |f Б. Я. Цирик, Ю. С. Лукашин 
205 |a 4-е изд., испр. и доп. 
210 |a Москва  |c Физкультура и спорт  |d 1999 
215 |a 294 с.  |c ил. 
225 1 |a Азбука спорта 
225 1 |a Федеральная программа книгоиздания России 
610 1 |a спорт 
610 1 |a игры 
610 1 |a футбол 
675 |a 796.332  |v 3 
700 1 |a Цирик  |b Б. Я.  |g Борис Яковлевич 
701 1 |a Лукашин  |b Ю. С.  |g Юрий Савельевич 
801 1 |a RU  |b 63413507  |c 20021218  |g PSBO 
801 2 |a RU  |b 63413507  |c 20100922  |g PSBO 
900 |a Футбол 
942 |c BK